|
|
|
|
| LEADER |
01498nam a2200421 i 4500 |
| 001 |
001815984 |
| 003 |
CZ BrMZK |
| 005 |
20220607141033.0 |
| 007 |
ta |
| 008 |
220221t20212021bu a b 000 j bulo |
| 020 |
|
|
|a 978-619-161-255-0
|q (brožováno)
|
| 040 |
|
|
|a BOA001
|b cze
|e rda
|
| 041 |
1 |
|
|a bul
|h cze
|
| 072 |
|
7 |
|a 821.162.3-3
|x Česká próza
|2 Konspekt
|9 25
|
| 072 |
|
7 |
|a 821-93
|x Literatura pro děti a mládež (beletrie)
|2 Konspekt
|9 26
|
| 080 |
|
|
|a 821.162.3-32
|2 MRF
|
| 080 |
|
|
|a 821-93
|2 MRF
|
| 080 |
|
|
|a (0:82-32)
|2 MRF
|
| 080 |
|
|
|a (0.027.6)74/77
|2 MRF
|
| 100 |
1 |
|
|a Čech, Pavel,
|d 1968-
|7 jn20010309243
|4 aut
|4 ill
|
| 240 |
1 |
0 |
|a O čertovi.
|l Bulharsky
|7 aun20221142925
|
| 245 |
1 |
0 |
|a Djavolčeto /
|c Pavel Čech ; prevod ot češki Denica Prodanova
|
| 250 |
|
|
|a Părvo izdanie
|
| 264 |
|
1 |
|a [Sofija] :
|b Persej,
|c [2021]
|
| 264 |
|
4 |
|c ©2021
|
| 300 |
|
|
|a 68 nečíslovaných stran :
|b barevné ilustrace ;
|c 22 cm
|
| 336 |
|
|
|a text
|b txt
|2 rdacontent
|
| 336 |
|
|
|a statický obraz
|b sti
|2 rdacontent
|
| 337 |
|
|
|a bez média
|b n
|2 rdamedia
|
| 338 |
|
|
|a svazek
|b nc
|2 rdacarrier
|
| 655 |
|
7 |
|a české příběhy
|7 fd133973
|2 czenas
|
| 655 |
|
7 |
|a autorské knihy
|7 fd756049
|2 czenas
|
| 655 |
|
7 |
|a publikace pro děti
|7 fd133156
|2 czenas
|
| 700 |
1 |
|
|a Dabiževa, Denica Atanasova,
|d 1975-
|7 jo2016907419
|4 trl
|
| 910 |
|
|
|a BOA001
|b 2-1480.731
|
| 990 |
|
|
|a BK
|
| 991 |
|
|
|b 202206
|c NOV
|
| 996 |
7 |
|
|b 2610896740
|c 2-1480.731
|l MZK
|r Sklad / do 1 hodiny
|n 0
|p dar
|w 001880213
|u 000010
|a 1
|e BOA001
|j MZK50
|s A
|